| 000 | 00359nam a2200121Ia 4500 | ||
|---|---|---|---|
| 008 | 210430s9999 xx 000 0 und d | ||
| 020 | _a9788171230396 | ||
| 082 | _a320.95491 S77417P | ||
| 100 |
_aSreedhar , John Kaniyalil, Savita Pande _954619 |
||
| 245 |
_aPakistan After Zia / _cSreedhar , John Kaniyalil, Savita Pande |
||
| 300 | _a174 | ||
| 942 |
_cBK _2ddc |
||
| 999 |
_c565249 _d565249 |
||